书目信息 |
| 题名: |
外国古代教育史
|
|
| 作者: | 曹孚 编 | |
| 分册: | ||
| 出版信息: | 北京 人民教育出版社 1981 |
|
| 页数: | 220页 | |
| 开本: | 20cm | |
| 丛书名: | ||
| 单 册: | ||
| 中图分类: | G519.2 | |
| 科图分类: | ||
| 主题词: | 教育史--国外--古代 | |
| 电子资源: | ||
| ISBN: | 7-107-07008-8 | |
| 000 | 00561nam0 2200205 450 | |
| 001 | 1575560908 | |
| 005 | 20150126205931.98 | |
| 010 | @a7-107-07008-8@dCNY9.90 | |
| 100 | @a20021005e19981981em y0chiy0110 ea | |
| 101 | 0 | @achi |
| 102 | @aCN@b110000 | |
| 105 | @ay z 000yy | |
| 200 | 1 | @a外国古代教育史@9wai guo gu dai jiao yu shi@f曹孚等编 |
| 210 | @a北京@c人民教育出版社@d1981@h1998重印 | |
| 215 | @a220页@d20cm | |
| 606 | 0 | @a教育史@x国外@z古代 |
| 690 | @aG519.2@v5 | |
| 701 | 0 | @a曹孚@9cao fu@4编 |
| 801 | 0 | @aCN@bTSSF@c20150126 |
| 905 | @aZUCC@dG519.2@eJY1 | |
| 外国古代教育史/曹孚等编.-北京:人民教育出版社,1981(1998重印) |
| 220页;20cm |
| ISBN 7-107-07008-8:CNY9.90 |
| ● |
| 相关链接 |
|
|
|
|
正题名:外国古代教育史
索取号:G519.2/JY1
 
预约/预借
| 序号 | 登录号 | 条形码 | 馆藏地/架位号 | 状态 | 备注 |
| 1 | 7860553 | 278605537 | 学院路分馆/ [索取号:G519.2/JY1] | 在馆 |